| 000 | 00552nam a2200181Ia 4500 | ||
|---|---|---|---|
| 003 | OSt | ||
| 005 | 20240731151508.0 | ||
| 008 | 190216s9999||||xx |||||||||||||| ||und|| | ||
| 020 | _a9789380028767 | ||
| 040 | _coclc | ||
| 082 |
_a338.46100416092 _bQUI/S |
||
| 100 |
_aQuinn, Jason _910455 |
||
| 245 | 0 |
_aSteve Jobs: Genius by design / _cJason Quinn |
|
| 250 | _a1st Ed. | ||
| 260 |
_bKalyani Navyug Media Pvt Limited, _c2012. _aNew Delhi: |
||
| 300 | _a102p | ||
| 942 |
_cBK _2ddc _h338.46100416092 _iQUI/S _k338.46100416092 _mQUI/S |
||
| 999 |
_c14841 _d14841 |
||